01110nam a22001937a 450000500170000000800410001702000180005804000070007604100120008308200180009510000210011324500350013426000380016930000300020736500700023752005520030765000370085970000200089620251027184429.0220204b ||||| |||| 00| 0 eng d a9789387979970 cAL aEnglish a351.092bRAJT aShalini Rajneesh aTale of 2 IASb: Our boigraphy aBangalorebSapna Book Housec2018 axv,580pbPBc21.4x13.9cm. 2GeneralaMLSH21CRB209b₹360.00c₹d₹450.00e20%f16-12-2021 aThe Tale of 2 IAS is written for the youth who have dreams of making it Big in their life! The book reveals the role of parents, society and self in shaping ones career. It inspires one and all to contribute constructively towards common growth and progress. Further it unravels the myths people have about what is the role of an IAS officer in Government. The real life experiences in administration vis a vis the citizenry, inspires the bureaucracy, politicocracy as well as the general public to align with each other and create a better world. 2Public AdministrationaBoigraphy aRajneesh, Goel